000 00797cam a22002413a 4500
001 18798
003 PGUSA
005 20140828083411.0
008 060709s2006||||xxu|||||s|||||000 | eng d
040 _aPGUSA
_beng
042 _adc
050 4 _aF2801
100 1 _aViedma, Francisco de,
_d1737-1809
245 1 0 _aMemoria dirigida al Sr. Marquez de Loreto, Virey y Capitan General de las Provincias del Rio de La Plata
_h[electronic resource] /
_cFrancisco de Viedma
260 _bProject Gutenberg,
_c2006
506 _aPublic domain in the USA.
516 _aElectronic text
653 _aPatagonia (Argentina and Chile) -- History
653 _aArgentina -- History -- 1776-1810
830 0 _aProject Gutenberg
_v18798
856 4 0 _uhttp://www.gutenberg.org/ebooks/18798
942 _cEB
999 _c248053
_d248053